Akhuwat Ka Safar ( اخوت کا سفر) / (Record no. 616885)

000 -LEADER
fixed length control field 00354nam a22001337a 4500
040 ## - CATALOGING SOURCE
Transcribing agency NUST
082 ## - DEWEY DECIMAL CLASSIFICATION NUMBER
Classification number 910.4,SAQ
100 ## - MAIN ENTRY--PERSONAL NAME
Personal name Saqib Dr, Amjad
9 (RLIN) 133971
245 ## - TITLE STATEMENT
Title Akhuwat Ka Safar ( اخوت کا سفر) /
Statement of responsibility, etc. Dr. amjad Saqib
260 ## - PUBLICATION, DISTRIBUTION, ETC.
Place of publication, distribution, etc. Lahore
Name of publisher, distributor, etc. Sang-e-Meel
Date of publication, distribution, etc. 2014
300 ## - PHYSICAL DESCRIPTION
Extent 281 p.;
650 ## - SUBJECT ADDED ENTRY--TOPICAL TERM
Topical term or geographic name entry element Urdu Literature
942 ## - ADDED ENTRY ELEMENTS (KOHA)
Source of classification or shelving scheme
Koha item type Book
Call number prefix 910.4,SAQ
Holdings
Withdrawn status Lost status Source of classification or shelving scheme Damaged status Not for loan Permanent Location Current Location Shelving location Date acquired Full call number Barcode Date last seen Price effective from Koha item type Public note
          Military College of Signals (MCS) Military College of Signals (MCS) General Stacks 04/07/2026 910.4,SAQ MCS38974 04/07/2026 04/07/2026 Book Almirah No.66, Shelf No.4
© 2023 Central Library, National University of Sciences and Technology. All Rights Reserved.